000 00953cam a22003017a 4500
003 CHAP
005 20220329140036.0
008 971013s1987 r 00010 d
010 _a46068
011 _a47040
035 _a51181
040 _cCHAP
090 _aFolleto 12061
100 0 0 _aSalazar B., María del Socorro.
_9101355
245 1 4 _aLos carbohidratos y lípidos de células animales y vegetales
260 _aChapingo, Méx. :
_bUACH. Departamento de Zootecnia,
_c(1987)
300 _a13 h.
590 _aBATCH-UPD
_b10
_c20130110
_lUCH01
_h1050
590 _aBATCH-UPD
_b10
_c20130410
_lUCH01
_h0647
590 _aBATCH-UPD
_b10
_c20130914
_lUCH01
_h0843
590 _aCONVERSION
_b10
_c20130109
_lUCH01
_h1325
650 1 4 _aCarbohidratos.
_918810
650 1 4 _aCitología e histología vegetales.
_923495
650 1 4 _aLípidos.
_967487
901 _aBK
942 _cFOLL
949 _aFolleto 12061
_bBC
_cFOLL
_d-114649
_eTS1
_i51181
_mD
_si
999 _c46068
_d46068